000 00541 a2200193 4500
005 20260401115736.0
008 260319b |||||||| |||| 00| 0 eng d
020 _a9780367242480
_cRs. 1795.00
040 _aMAIN
082 _a777.55
_bW119E
100 _aWadsworth, Chris
245 _aEditor's toolkit: A hands-on guide to the craft of film and TV editing
260 _bFocal Press
_c2025
_aNew York
300 _axiv, 252
650 _aMotion Pictures
650 _aTelevision Production
650 _aVideo Editing
942 _cBK
999 _c396875
_d396875